000 01422cam a2200325 4500
001 ABS63488
008 000000n2001 000 0 eng u
035 _a(Sirsi) u110743
100 _aSector, G.
245 _aTalk of the towns
260 _c2001
490 _aProperty Week
_v66(4) 26 January 2001, 92-93(2)
520 _aOutlines the likely impact of the Urban White Paper on the property industry. Points discussed include the commitment to rewrite PPG1 to encourage an urban renaissance; reform of the compulsory purchase system; s106 Agreements; local democracy in the light of the Local Government Act 2000; changes to the tax system; and the strengthened role for the regional development agencies. Observes that the White Paper places greater emphasis on the accountability of local and national government, better co-operation between the industry and government, good design and sustainability.
590 _aABS
650 _aCOMPULSORY PURCHASE ORDERS
650 _aLOCAL GOVERNMENT ACT 2000
650 _aPLANNING POLICY
650 _aPLANNING SYSTEM
650 _aRDAS
650 _aTOWN AND COUNTRY PLANNING ACT 1990 S106
650 _aSustainability
_96271
650 _aURBAN RENAISSANCE
650 _aURBAN REGENERATION
650 _aURBAN WHITE PAPER
650 _aTAX CREDITS
650 _aTAX INCENTIVES
690 _aREGENERATION
700 _aEvans, D.
942 _n0
999 _c66006
_d66006